Statistics for HASS quiz

Click here to take the quiz!

General Stats

  • This quiz has been taken 6 times
  • The average score is 9 of 15

Answer Stats

QuestionAnswer% Correct
Is the sun renewable or non-renewable energy?Renewable
100%
What is the largest country in the world?Russia
100%
Which app did people use to watch videos since 2005?YouTube
100%
When did Micheal Jackson die?2009
75%
When was the iPad invented?2010
75%
When did Pope Benedict XVI die?2022
75%
Which is the smallest country in the world?Vatican City
75%
Is Earth good for us?yes
75%
How old did Jeanne Calment live up to?122
50%
Which year did the First Fleet arrive at Australia?1788
50%
How old was Micheal Jackson when he died?50
50%
What is the most sustainable city in the world?Copenhagen
25%
What can plastic cause?Pollution
25%
What was Australia earlier known as?Terra Australis
25%
Who was the 1st person who discovered Australia?Willem Janszoon
25%

Score Distribution

Percentile by Number Answered

Percent of People with Each Score

Your Score History

You have not taken this quiz